LEADER 01199nam 2200397 450 001 9910158591203321 005 20230808201253.0 010 $a1-4438-6091-3 035 $a(CKB)3710000001010464 035 $a(MiAaPQ)EBC4778712 035 $a(OCoLC)967938960 035 $a(FINmELB)ELB148503 035 $a(EXLCZ)993710000001010464 100 $a20170119h20162016 uy 0 101 0 $aeng 135 $aurcnu|||||||| 181 $2rdacontent 182 $2rdamedia 183 $2rdacarrier 200 00$aA.N. Whitehead's thought through a new prism /$fedited Aljoscha Berve and Helmut Maassen 210 1$aNewcastle upon Tyne, England :$cCambridge Scholars Publishing,$d2016. 210 4$dİ2016 215 $a1 online resource (278 pages) $cillustrations 225 0 $aEuropean Studies in Process Thought 311 $a1-4438-9960-7 606 $aProcess philosophy$vCongresses 615 0$aProcess philosophy 676 $a192 702 $aBerve$b Aljoscha 702 $aMaassen$b Helmut 801 0$bFINmELB 801 1$bFINmELB 906 $aBOOK 912 $a9910158591203321 996 $aA.N. Whitehead's thought through a new prism$92781934 997 $aUNINA